The Cato journal

Bibliographic Details
Corporate Author: Cato Institute
Format: Unknown
Language:English
Published: San Francisco, California : Cato Institute
Subjects:
Online Access:Acceso restringido

MARC

LEADER 00000ny a22000003n 4500
003 EbpS
005 2011051103133.0
006 m d ||||||
007 cr anunnnuuuaa
008 060206s us 000 eng d
022 0 |a 0273-3072 
035 |a 3036 
040 |d vLex 
050 0 0 |a H1  |b .C34 
050 0 0 |a H1  |b .C34 
090 |c 1693  |d 1693 
245 0 4 |a The Cato journal  |h [Recurso electrn̤ico] 
256 |a Servicio en ln̕ea 
260 |a San Francisco, California :  |b Cato Institute 
310 |a Cuatrimestral 
500 |a Title from cover 
506 1 |a Contenido solo disponible en los productos indicados  |d vLex Global  |d vLex Global (Academic Edition, excluding Law Schools)  |d vLex Global (Academic Edition, Law Schools) 
650 0 4 |a Ciencias sociales  |x Publicaciones perid̤icas 
650 0 4 |a Political science 
650 0 4 |a International Relations/International Justice 
710 2 |a Cato Institute 
740 0 |a vLex Revista (Servicios en ln̕ea) 
843 |a Electrn̤ica. Abierta 
853 |8 1  |i (year)  |j (month)  |k (day) 
856 4 0 |u http://vlex.com/source/3036  |z Acceso restringido 
942 |c REV 
999 0 |a Policy sciences  |v Periodicals